00193nam a2200085Ia 4500008004100000100003200041245001300073260000900086650001200095190216s9999||||xx |||||||||||||| ||und|| aChangampuzha Krishan Pillai 0aYavanika bNull aKavitha